|
|
|
|
| LEADER |
01040nam a2200277 a 4500 |
| 001 |
14426 |
| 003 |
BD-DhAAL |
| 008 |
090406s1999 enk b 000 0 eng d |
| 999 |
|
|
|c 95
|d 95
|
| 010 |
|
|
|a 99071122
|
| 020 |
|
|
|a 1840460938
|
| 040 |
|
|
|a DLC
|c DLC
|d DLC
|d BD-DhAAL
|
| 050 |
0 |
0 |
|a B3317
|b .R613 1999
|
| 082 |
0 |
0 |
|a 193
|2 21
|
| 100 |
1 |
|
|a Robinson, Dave.
|9 41243
|
| 245 |
1 |
0 |
|a Nietzsche and postmodernism /
|c Dave Robinson.
|
| 260 |
|
|
|a Cambridge, UK :
|b Icon Books ;
|a New York :
|b Totem Books ;
|a Lanham, Md. :
|b Distributed in the U.S. by National Book Network,
|c 1999.
|
| 300 |
|
|
|a 77 pages ;
|c 18 cm.
|
| 440 |
|
0 |
|a Postmodern encounters
|9 41244
|
| 504 |
|
|
|a Includes bibliographical references (page 65).
|
| 541 |
1 |
|
|e 14426
|
| 600 |
1 |
0 |
|a Nietzsche, Friedrich Wilhelm,
|d 1844-1900.
|9 41245
|
| 650 |
|
0 |
|a Postmodernism.
|9 41246
|
| 852 |
|
|
|a Ayesha Abed Library
|j General Stacks
|
| 942 |
|
|
|2 ddc
|c BK
|
| 952 |
|
|
|0 0
|1 0
|2 ddc
|4 0
|6 193_ROB
|7 0
|9 17631
|a BRACUL
|b BRACUL
|c GEN
|d 2011-07-26
|l 12
|m 104
|o 193 ROB
|p 3010014426
|r 2026-04-16
|s 2026-04-08
|t 1
|w 2011-07-26
|y BK
|